00634nam a2200169 a 4500003000200000005001700002008004100019050002700060100002400087245008400111260009000195300002300285504004100308650004000349650003500389650004000424020250423110031.0050809s19uu xx 00 eng d aPHS HQ 1220b.T35 2005 aTakezawa, Yukari S. aPerceptions of fourth year female students on liposuction /cYukari S. Takezawa aLas Piñas City, Philippines :bSouthville International School and Colleges,c2005. a34 pages ;c28 cm. aIncludes bibliographical references. aLiposuctionxPsychological aspects. aCosmetic surgeryxPerceptions. aWomenxAttitudes toward body image.